<?xml version="1.0" encoding="UTF-8"?>
<record
    xmlns:xsi="http://www.w3.org/2001/XMLSchema-instance"
    xsi:schemaLocation="http://www.loc.gov/MARC21/slim http://www.loc.gov/standards/marcxml/schema/MARC21slim.xsd"
    xmlns="http://www.loc.gov/MARC21/slim">

  <leader>02171nam a2200253 i 4500</leader>
  <controlfield tag="003">DO-SdBNP</controlfield>
  <controlfield tag="005">20251010134747.0</controlfield>
  <controlfield tag="007">ta</controlfield>
  <controlfield tag="008">251010b2000    dr a|||| |||| 00| 0 spa d</controlfield>
  <datafield tag="040" ind1=" " ind2=" ">
    <subfield code="a">DO-SdBNP</subfield>
    <subfield code="b">spa</subfield>
    <subfield code="c">BNPHU</subfield>
    <subfield code="e">rda</subfield>
  </datafield>
  <datafield tag="041" ind1=" " ind2=" ">
    <subfield code="a">spa</subfield>
  </datafield>
  <datafield tag="082" ind1=" " ind2="4">
    <subfield code="a">xxx</subfield>
    <subfield code="b"> P273pr</subfield>
    <subfield code="2">22</subfield>
  </datafield>
  <datafield tag="110" ind1="1" ind2=" ">
    <subfield code="a">Partido Revolucionario Dominicano. </subfield>
    <subfield code="b">Departamento Nacional de Asuntos T&#xE9;cnicos</subfield>
    <subfield code="9">88685</subfield>
  </datafield>
  <datafield tag="245" ind1="1" ind2="0">
    <subfield code="a">Propuestas b&#xE1;sicas del programa de gobierno 2000-2004, para la consulta a la sociedad civil /</subfield>
    <subfield code="c">presentaci&#xF3;n, Hip&#xF3;lito Mej&#xED;a </subfield>
  </datafield>
  <datafield tag="264" ind1=" " ind2=" ">
    <subfield code="a">Santo Domingo : </subfield>
    <subfield code="b">Partido Revolucionario Dominicano. Departamento Nacional de Asuntos T&#xE9;cnicos,</subfield>
    <subfield code="c">2000.</subfield>
  </datafield>
  <datafield tag="300" ind1=" " ind2=" ">
    <subfield code="a">175 p&#xE1;ginas ;</subfield>
    <subfield code="c">21 cm.</subfield>
  </datafield>
  <datafield tag="336" ind1=" " ind2=" ">
    <subfield code="a">texto</subfield>
    <subfield code="b">txt</subfield>
    <subfield code="2">rdacontent</subfield>
  </datafield>
  <datafield tag="337" ind1=" " ind2=" ">
    <subfield code="a">sin mediaci&#xF3;n </subfield>
    <subfield code="b">n</subfield>
    <subfield code="2">rdamedia</subfield>
  </datafield>
  <datafield tag="338" ind1=" " ind2=" ">
    <subfield code="a">volumen</subfield>
    <subfield code="b">nc</subfield>
    <subfield code="2">rdacarrier</subfield>
  </datafield>
  <datafield tag="505" ind1=" " ind2=" ">
    <subfield code="a">Presentaci&#xF3;n, 6-- A modo de presentaci&#xF3;n del gobierno compartido, 10--  Gobierno compartido : democracia pol&#xED;tica, econ&#xF3;mica y social 11 -- Pol&#xED;tica de modernizaci&#xF3;n del Estado 15 -- Estrategia y planificaci&#xF3;n de pol&#xED;ticas econ&#xF3;micas 31|Pol&#xED;tica de relaciones exteriores 47|Pol&#xED;tica de Fuerzas Armadas y Polic&#xED;a Nacional 52|Pol&#xED;tica educativa 57|Pol&#xED;tica cultural 67|Pol&#xED;tica cient&#xED;fica y tecnol&#xF3;gica 72|Pol&#xED;tica de salud 75|Pol&#xED;tica de seguridad social 81|Pol&#xED;tica de agua potable, alcantarillado y saneamiento b&#xE1;sico 84|Pol&#xED;tica de desarrollo urbano 87|Pol&#xED;tica de vivienda 89|Pol&#xED;tica nacional de catastro 94|Pol&#xED;tica de deporte, educaci&#xF3;n f&#xED;sica y recreaci&#xF3;n 96|Pol&#xED;tica de la mujer 104|Pol&#xED;tica de la juventud 108|Pol&#xED;tica de la ni&#xF1;ez 114|Pol&#xED;tica sindical y relaciones laborales 116|Pol&#xED;tica de construcci&#xF3;n de obras p&#xFA;blicas 118|Pol&#xED;tica de transporte 121|Pol&#xED;tica de energ&#xED;a 124|Pol&#xED;tica agropecuaria y desarrollo rural 126|Pol&#xED;tica de medio ambiente y recursos naturales 144|Pol&#xED;tica industrial 153|Pol&#xED;tica de turismo 161|Pol&#xED;tica de miner&#xED;a 165|Pol&#xED;tica de dominicanos residentes en el exterior 168|Pol&#xED;tica de desarrollo cooperativo 171|Plan maestro de desarrollo informatico 173|Pol&#xED;tica de servicio postal 175</subfield>
  </datafield>
  <datafield tag="590" ind1=" " ind2=" ">
    <subfield code="a">Inventariado, 2025 /LP</subfield>
  </datafield>
  <datafield tag="910" ind1=" " ind2=" ">
    <subfield code="a">LP</subfield>
  </datafield>
  <datafield tag="942" ind1=" " ind2=" ">
    <subfield code="2">ddc</subfield>
    <subfield code="c">LBS1</subfield>
  </datafield>
  <datafield tag="952" ind1=" " ind2=" ">
    <subfield code="0">0</subfield>
    <subfield code="1">0</subfield>
    <subfield code="2">ddc</subfield>
    <subfield code="5">1</subfield>
    <subfield code="7">0</subfield>
    <subfield code="8">PD</subfield>
    <subfield code="a">BNPHU</subfield>
    <subfield code="b">BNPHU</subfield>
    <subfield code="c">CT</subfield>
    <subfield code="d">2023-09-26</subfield>
    <subfield code="e">Donado por Bienvenido Brito </subfield>
    <subfield code="l">0</subfield>
    <subfield code="o">xxx  P273pr</subfield>
    <subfield code="p">2025-11553</subfield>
    <subfield code="r">2025-10-10</subfield>
    <subfield code="w">2025-10-10</subfield>
    <subfield code="y">LBS1</subfield>
    <subfield code="z">Perteneci&#xF3; a la biblioteca personal de Bienvenido Brito</subfield>
  </datafield>
  <datafield tag="999" ind1=" " ind2=" ">
    <subfield code="c">59938</subfield>
    <subfield code="d">59938</subfield>
  </datafield>
</record>
